[Event "SIO"]
[Site "Jackpot, NV"]
[Date "2007.11.11"]
[Round "4.1"]
[White "Pemsler, Carmen"]
[Black "Morrow, Hans M"]
[Result "0-1"]
[WhiteElo "230"]
[BlackElo "1900"]

1. c4 e5 2. Nc3 Nf6 3. e3 Nc6 4. Nge2 d5 5. b3 d4 6. Nb5 a6 7. Na3 d3 8. Nc3
e4 9. f3 Be7 10. fxe4 Bg4 11. Ne2 Nxe4 12. g3 Ne5 13. Ng1 Bxd1 14. Kxd1 Bh4
15. Bb2 Bf6 16. Nh3 Ng4 17. Kc1 Bxb2+ 18. Kxb2 Qf6+ 19. Kc1 Qxa1+ 20. Nb1
O-O-O 21. Nf4 Ngf2 22. Rg1 Qxa2 23. Na3 Qxa3+ 24. Kb1 Nxd2# 0-1

[Event "SIO"]
[Site "Jackpot, NV"]
[Date "2007.11.11"]
[Round "5.5"]
[White "Pemsler, Carmen"]
[Black "Gorsuch, Tyler A"]
[Result "0-1"]
[WhiteElo "230"]
[BlackElo "487"]

1. c4 e5 2. Nc3 Nf6 3. e3 Nc6 4. Nge2 Bc5 5. a3 d6 6. Rb1 Bf5 7. d3 Ng4 8. b4
Bb6 9. e4 Nxf2 10. Qc2 Nd4 11. Qa2 Nxh1 12. Ng1 Nc2+ 13. Qxc2 Qh4+ 14. Kd1
Bg4+ 15. Be2 Bxe2+ 16. Qxe2 O-O-O 17. Nf3 Qg4 {(There was still over an hour
and 45 minutes per side left on the clocks, but the players began playing
blitz at this point, hense no further record of the game.--Roland)} {#R} 0-1

[Event "WIO (Reserve)"]
[Site "Caldwell, ID"]
[Date "2008.05.24"]
[Round "2.4"]
[White "Wong, Jennifer Wonyan"]
[Black "Pemsler, Carmen"]
[Result "0-1"]
[WhiteElo "535"]
[BlackElo "241"]

1. e4 e5 2. Nf3 Nc6 3. Bc4 Nf6 4. Nc3 Bb4 5. a3 Bxc3 6. bxc3 a6 7. Bb2 Nxe4 8.
O-O O-O 9. d3 d5 10. Bb3 Nf6 11. Qe2 Re8 12. Rfe1 e4 13. Ng5 exd3 14. cxd3
Rxe2 15. Rxe2 Bg4 16. Rd2 Qe8 17. Ba4 Qe5 18. Ne4 dxe4 19. d4 Qg5 20. Rc2 Bf3
21. g3 Qg4 22. Re1 Qh3 23. Re3 Qg2# 0-1

[Event "WIO (Reserve)"]
[Site "Caldwell, ID"]
[Date "2008.05.24"]
[Round "3.2"]
[White "Pemsler, Carmen"]
[Black "Jin, Kevin"]
[Result "1-0"]
[WhiteElo "241"]
[BlackElo "840"]

1. c4 e5 2. Nc3 Nc6 3. e3 Bb4 4. Nge2 Bxc3 5. Nxc3 d6 6. g3 Nf6 7. Bg2 O-O 8.
O-O Re8 9. Re1 b6 10. Bxc6 Bd7 11. Bxa8 Qxa8 12. e4 Bc6 13. d3 Qc8 14. Nd5
Bxd5 15. exd5 Qh3 16. Re2 Qd7 17. Bg5 Ng4 18. h3 f6 19. hxg4 fxg5 20. Qd2 Qxg4
21. Rae1 Rf8 22. Rf1 Rf6 23. Qe3 Rh6 24. f3 Qxg3+ 25. Rg2 Qf4 26. Qxf4 gxf4
27. Kf2 Rf6 28. Rfg1 g6 29. Rd1 h5 30. Rdg1 Kf7 31. b4 Rf5 32. Rxg6 h4 33.
Rg7+ Ke8 34. R1g6 h3 35. Rh6 h2 36. Rh8+ Rf8 37. Rxh2 Rf7 38. Rh8+ Rf8 39.
Rxf8+ Kxf8 40. Rxc7 a5 41. bxa5 bxa5 42. c5 dxc5 43. d6 Ke8 44. Rh7 Kd8 45. d7
Kc7 46. Re7 Kd8 47. Rf7 Kc7 48. Ke2 Kd8 49. Kd2 Kc7 50. Kc3 Kd8 51. Kc4 e4 52.
dxe4 Kc7 53. e5 Kd8 54. e6 Kc7 55. e7 Kxd7 56. Kxc5 Ke8 57. Rh7 Kd7 58. Kb5 a4
59. Kxa4 Ke8 60. Kb4 Kd7 61. a4 Ke8 62. a5 Kd7 63. e8=Q+ Kxe8 64. a6 Kd8 65.
a7 Kc8 66. a8=Q# 1-0

[Event "Idaho Closed"]
[Site "Twin Falls, ID"]
[Date "2009.02.14"]
[Round "1.11"]
[White "Pemsler, Carmen"]
[Black "Booth, Tom R"]
[Result "0-1"]
[WhiteElo "626"]
[BlackElo "1543"]

1. c4 e6 2. Nc3 Nf6 3. Nf3 d5 4. cxd5 exd5 5. d4 Be6 6. Bf4 c6 7. e3 Bd6 8.
Bxd6 Qxd6 9. g3 Nbd7 10. Bg2 O-O 11. O-O Bg4 12. Qd2 Ne4 13. Qc2 Nxc3 14. Qxc3
Bxf3 15. Bxf3 f5 16. Rfe1 Nf6 17. Qc2 Ne4 18. Bg2 Qf6 19. f4 h5 20. Bxe4 fxe4
21. Qg2 Qf5 22. Rf1 Rf6 23. Rf2 Rg6 24. Raf1 h4 25. Kh1 hxg3 26. hxg3 Kf7 27.
Kg1 Rh8 28. Rc2 Rh3 29. Kf2 Qh5 30. Rcc1 Rh2 31. Rh1 Rxg2+ 32. Kxg2 Qf3+ 33.
Kg1 Rxg3+ 34. Kh2 Qg2# 0-1

[Event "Idaho Closed"]
[Site "Twin Falls, ID"]
[Date "2009.02.14"]
[Round "2.12"]
[White "Pemsler, Carmen"]
[Black "Weathers, Rickey D"]
[Result "0-1"]
[WhiteElo "626"]
[BlackElo "1389"]

1. c4 e5 2. Nc3 Bc5 3. e4 Nc6 4. Nf3 Nf6 5. g3 Ng4 6. Qc2 Bxf2+ 7. Kd1 Bc5 8.
Ke2 Qf6 9. Bg2 d6 10. d3 O-O 11. Bg5 Qxg5 12. Nxg5 Nd4+ 13. Kd2 Nxc2 14. Kxc2
Ne3+ 15. Kd2 Nxg2 16. Rad1 Be3+ 17. Kc2 Bxg5 18. Kb1 Ne3 19. Rde1 h5 20. h4
Bh6 21. Kc1 Ng2+ 22. Kd1 Nxe1 23. Kxe1 f5 24. Kd1 f4 25. gxf4 Rxf4 26. Kc2 Bg4
27. Nd5 Rf2+ 28. Kc3 Bd2+ 29. Kb3 c6 30. Nb4 a5 31. Nc2 Rf3 32. Rd1 a4+ 33.
Ka3 Rxd3+ 34. b3 Bxd1 35. Na1 axb3+ 36. Kb2 Rxa2+ 37. Kb1 Bc2+ 38. Nxc2 bxc2+
39. Kxa2 c1=Q 40. c5 Ra3# 0-1

[Event "Idaho Closed"]
[Site "Twin Falls, ID"]
[Date "2009.02.15"]
[Round "3.13"]
[White "Min, William"]
[Black "Pemsler, Carmen"]
[Result "1-0"]
[WhiteElo "967"]
[BlackElo "626"]

1. e4 e5 2. Nf3 Nc6 3. Bc4 d6 4. d4 Bg4 5. dxe5 Bxf3 6. Qxf3 Nxe5 7. Qb3 Nxc4
8. Qxc4 Nf6 9. O-O d5 10. exd5 Qxd5 11. Re1+ Be7 12. Qxc7 O-O 13. Qxe7 Rad8
14. Bd2 Rfe8 15. Qb4 Rxe1+ 16. Bxe1 Re8 17. Nc3 Qe5 18. Na4 Qe2 19. h3 Qxc2
20. b3 Qe2 21. Qd2 Qe5 22. Rc1 Ne4 23. Qe3 Qf5 24. Nc5 Nf6 25. Qd2 Ne4 26.
Nxe4 Rxe4 27. Qd8+ Re8 28. Qxe8# 1-0

[Event "Idaho Closed"]
[Site "Twin Falls, ID"]
[Date "2009.02.15"]
[Round "4.14"]
[White "Pemsler, Carmen"]
[Black "Min, Michael"]
[Result "1/2-1/2"]
[WhiteElo "626"]
[BlackElo "360"]

1. c4 e5 2. Nc3 Nf6 3. g3 b6 4. Bg2 Nc6 5. d3 Ng4 6. Nf3 Bb4 7. Bd2 Qe7 8. a3
Bxc3 9. Bxc3 Qc5 10. O-O Bb7 11. b4 Qe7 12. b5 Nb8 13. Bb4 Qd8 14. e4 d6 15.
Re1 O-O 16. d4 f6 17. Qb3 Qe7 18. c5+ Qf7 19. Qxf7+ Rxf7 20. cxd6 cxd6 21.
Bxd6 exd4 22. Nxd4 Rd7 23. Nf5 a6 24. bxa6 Nxa6 25. Bb4 Nxb4 26. axb4 Rxa1 27.
Rxa1 g6 28. Nh4 f5 29. exf5 Bxg2 30. Nxg2 gxf5 31. Re1 h5 32. f3 Nf6 33. Re6
Nd5 34. b5 Nc3 35. Rxb6 Rd1+ 36. Kf2 h4 37. gxh4 Rd2+ 38. Kg3 Nd5 39. Rb8+ Kh7
40. Rc8 f4+ 41. Nxf4 Nxf4 42. Kxf4 Rd4+ 43. Kg3 Rb4 44. Rb8 Kg7 45. b6 Rb5 46.
Kg4 Rb4+ 47. Kg5 Rb5+ 48. Kg4 Kg6 49. f4 Rb2 50. f5+ Kh6 51. f6 Kg6 52. h5+
Kxf6 53. Rg8 Rxb6 54. h6 Rb7 55. Rg7 Rxg7+ 56. hxg7 Kxg7 57. h4 Kh7 58. Kg5
Kg7 59. h5 Kh7 60. h6 Kh8 61. Kg6 Kg8 62. h7+ Kh8 63. Kh6 {(Stalemate)} {#d}
1/2-1/2

[Event "Idaho Closed"]
[Site "Boise, ID"]
[Date "2010.02.13"]
[Round "1.16"]
[White "Abderhalden, Katherine Louise"]
[Black "Pemsler, Carmen"]
[Result "1-0"]
[WhiteElo "1562"]
[BlackElo "860"]

1. d4 c6 2. c4 d5 3. Nc3 Nf6 4. Bf4 c5 5. e3 e6 6. Nf3 Nc6 7. Nb5 e5 8. Nxe5
Ne4 9. Nc3 Nxc3 10. bxc3 cxd4 11. exd4 Bd6 12. cxd5 Nxe5 13. dxe5 Qe7 14. Qe2
Bc5 15. d6 Qd7 16. Qb5 O-O 17. Qxc5 Qf5 18. Qe3 Bd7 19. Bd3 Qe6 20. O-O Bc6
21. c4 f6 22. exf6 Qxf6 23. Bg3 Rfe8 24. Qf4 Qe6 25. c5 Rad8 26. Rad1 Qd5 27.
Bc4 Rf8 28. Bxd5+ Bxd5 29. Qd2 Be6 30. Rfe1 Bg4 31. f3 Bf5 32. Qd5+ Kh8 33.
Qxb7 Rd7 34. Qd5 Bg6 35. c6 Rdd8 36. d7 Rf7 37. Re8+ Rf8 38. Rxf8+ Rxf8 39.
d8=Q Be8 40. Re1 h6 41. Rxe8 Rxe8 42. Qxe8+ Kh7 43. Qdg8# 1-0

[Event "Idaho Closed"]
[Site "Boise, ID"]
[Date "2010.02.13"]
[Round "2.15"]
[White "Pemsler, Carmen"]
[Black "Lundy III, George W"]
[Result "0-1"]
[WhiteElo "860"]
[BlackElo "1458"]

1. c4 f5 2. Nc3 e6 3. d4 Nf6 4. Bf4 Be7 5. Nf3 O-O 6. g3 Qe8 7. Bg2 d6 8. O-O
a6 9. d5 e5 10. Bd2 Nbd7 11. Qc2 Qh5 12. e4 Nc5 13. exf5 Bxf5 14. Qc1 Ng4 15.
Nh4 Bxh4 16. gxh4 Qxh4 17. h3 Nf6 18. Ne2 Bxh3 19. Bxh3 Qxh3 20. f4 Ng4 21.
Rd1 Qh2+ 22. Kf1 Qf2# 0-1

[Event "Idaho Closed"]
[Site "Boise, ID"]
[Date "2010.02.14"]
[Round "3.18"]
[White "Min, William"]
[Black "Pemsler, Carmen"]
[Result "1/2-1/2"]
[WhiteElo "1140"]
[BlackElo "860"]

1. e4 c6 2. d4 d5 3. Nc3 f6 4. Nf3 Bg4 5. Bf4 Nd7 6. exd5 cxd5 7. Nxd5 e5 8.
h3 Bxf3 9. Qxf3 exf4 10. O-O-O Bd6 11. Re1+ Ne7 12. Qe4 Rc8 13. Nxe7 Bxe7 14.
d5 Nb6 15. Bb5+ Kf7 16. Rd1 Qc7 17. Rd2 Nc4 18. Bxc4 Qxc4 19. Qxc4 Rxc4 20. d6
Bd8 21. d7 Ba5 22. c3 Bc7 23. Kc2 Rd8 24. Rhd1 Rc6 25. Rd4 Be5 26. Ra4 Rd6 27.
Rxd6 Bxd6 28. Rxa7 Rxd7 29. Ra4 g5 30. Rd4 Ke7 31. Rd5 Bc5 32. Rxd7+ Kxd7 33.
f3 Ke6 34. Kd3 Kf5 35. Kc4 Bf2 36. Kd3 h5 37. Ke2 Bc5 38. b4 Bb6 39. a4 g4 40.
h4 g3 41. c4 Ke6 42. Kd3 Kd6 43. c5+ Bxc5 44. bxc5+ Kxc5 45. Kc3 b5 46. axb5
Kxb5 47. Kd4 Kc6 48. Ke4 Kd6 49. Kxf4 Ke6 50. Kxg3 Kf7 51. Kf4 Kg6 52. g4 hxg4
53. fxg4 Kg7 54. Kf5 Kf7 55. h5 Kg7 56. h6+ Kh7 57. Kxf6 Kxh6 58. g5+ Kh7 59.
Kf7 Kh8 60. Kf6 Kh7 {#d} 1/2-1/2

[Event "Idaho Closed"]
[Site "Boise, ID"]
[Date "2010.02.14"]
[Round "4.19"]
[White "Pemsler, Carmen"]
[Black "Myers, Hugh S"]
[Result "0-1"]
[WhiteElo "860"]
[BlackElo "1563"]

1. c4 f5 2. Nc3 Nf6 3. g3 e6 4. Bg2 d5 5. cxd5 exd5 6. d4 c6 7. Nf3 Be7 8. O-O
O-O 9. Bf4 Ne4 10. Qc1 Nd7 11. Ne5 Bf6 12. f3 Nxc3 13. Qxc3 Qe7 14. Nxd7 Bxd7
15. Rfe1 Rac8 16. Qd2 g5 17. Be5 Qg7 18. Bxf6 Rxf6 19. e4 fxe4 20. fxe4 dxe4
21. Bxe4 Rcf8 22. Bg2 h5 23. Rf1 h4 24. gxh4 gxh4 25. Rxf6 Rxf6 26. h3 Bxh3
27. Kh2 Qg3+ 28. Kh1 Rg6 29. Bxh3 Qxh3+ 30. Qh2 Qf3+ 31. Qg2 Qxg2# 0-1

[Event "Idaho Closed"]
[Site "Boise, ID"]
[Date "2010.02.15"]
[Round "6.19"]
[White "Ramalingam, Deeban"]
[Black "Pemsler, Carmen"]
[Result "0-1"]
[WhiteElo "1164"]
[BlackElo "860"]

1. e4 c6 2. d4 d5 3. e5 f6 4. Nf3 Bf5 5. Bd3 Bxd3 6. Qxd3 c5 7. c3 Nc6 8. O-O
Qc7 9. Re1 O-O-O 10. e6 g5 11. Nfd2 h5 12. a3 g4 13. g3 h4 14. Nf1 c4 15. Qe2
f5 16. Bf4 Qb6 17. Ne3 Bh6 18. Bxh6 Nxh6 19. Qc2 Qb3 20. Qxb3 cxb3 21. Nd2
hxg3 22. fxg3 Na5 23. Ng2 Nc4 24. Nxc4 dxc4 25. Nf4 Ng8 26. Re5 Nh6 27. Rc5+
Kb8 28. Rxc4 Rd6 29. d5 Rc8 30. Rd4 Rc5 31. a4 Ng8 32. c4 Nf6 33. Kg2 a6 34.
Ra3 Ra5 35. Rd3 Rc5 36. Rdxb3 Rxc4 37. Rc3 Rxc3 38. bxc3 Nxd5 39. Nxd5 Rxd5
40. Ra2 Re5 41. h3 gxh3+ 42. Kxh3 Rxe6 43. Rf2 Rf6 44. Re2 e6 45. Kg2 f4 46.
g4 f3+ 47. Kf2 fxe2+ 48. Kxe2 Rg6 49. Kf3 Kc7 50. Kf4 Kd6 51. g5 e5+ 52. Kf5
e4 53. Kxg6 e3 54. Kf7 e2 55. g6 e1=Q 56. g7 Qe7+ 57. Kg6 Qxg7+ 58. Kxg7 Kc5
59. Kf7 Kc4 60. Ke7 Kxc3 61. Kd7 b5 {#R} 0-1

[Event "Idaho Open"]
[Site "Pocatello, ID"]
[Date "2010.05.01"]
[Round "2.3"]
[White "Booth, Tom R"]
[Black "Pemsler, Carmen"]
[Result "1-0"]
[WhiteElo "1606"]
[BlackElo "987"]

1. d4 c6 2. c4 d5 3. cxd5 cxd5 4. Nf3 Nc6 5. Nc3 Nf6 6. Bf4 Bf5 7. e3 a6 8.
Be2 g6 9. O-O Bg7 10. Rc1 O-O 11. Nh4 Bd7 12. Na4 Ne4 13. Nf3 b5 14. Nc5 Nxc5
15. Rxc5 e6 16. Qd2 Rc8 17. Rfc1 Ne7 18. b4 Qe8 19. Bd6 Nc6 20. Bxf8 Bxf8 21.
a3 Bxc5 22. Rxc5 Na7 23. Qc2 Qd8 24. Ne5 f6 25. Nd3 Nc6 26. Nf4 e5 27. dxe5
fxe5 28. Nxd5 Na7 29. Rxc8 Nxc8 30. Qc7 Qxc7 31. Nxc7 Nd6 32. Nxa6 Nc4 33. Kf1
Nxa3 34. Ke1 Bc6 35. Bf3 e4 36. Be2 Kf7 37. Kd2 Ke7 38. Kc1 Kd6 39. Kb2 Nc4+
40. Bxc4 bxc4 41. Kc3 Bd5 42. Nc5 Ke5 43. Nd7+ Kd6 44. Nf6 h5 45. Nxd5 Kxd5
46. b5 Kc5 47. b6 Kxb6 48. Kxc4 Kc6 49. Kd4 Kd6 50. Kxe4 Ke6 51. h4 Kf6 52.
Kf4 Kf7 53. Kg5 Kg7 54. e4 Kf7 55. e5 Ke6 56. Kxg6 Kxe5 {#r} 1-0

[Event "Idaho Open"]
[Site "Pocatello, ID"]
[Date "2010.05.01"]
[Round "3.6"]
[White "Pemsler, Carmen"]
[Black "Abderhalden, Richard Robert"]
[Result "0-1"]
[WhiteElo "987"]
[BlackElo "1487"]

1. c4 c6 2. Nc3 Nf6 3. d4 d6 4. e4 Qb6 5. Rb1 e5 6. Na4 Qc7 7. Nf3 Nxe4 8. Bd3
Nf6 9. Qe2 Qa5+ 10. Nc3 Bg4 11. h3 Bxf3 12. Qxf3 Be7 13. b4 Qc7 14. O-O Nbd7
15. Qe3 O-O 16. Bb2 Rfe8 17. Rfe1 Rad8 18. c5 b6 19. Bc4 bxc5 20. bxc5 exd4
21. Qxd4 Nxc5 22. Qe3 d5 23. Bb3 Nxb3 24. axb3 Qb6 25. Qg3 Qxb3 26. Ba1 Qa3
27. Bb2 Qd6 28. Qg5 h6 29. Qe3 Qc7 30. Na4 Bb4 31. Be5 Bd6 32. f4 Bxe5 33.
fxe5 Ne4 34. Nc5 Qxe5 35. Rb7 Qd6 36. Nxe4 Rxe4 37. Qd2 Rde8 38. Rf1 Re2 39.
Rfxf7 R8e7 40. Rbxe7 Rxe7 41. Rf3 Qc5+ 42. Kh2 a5 43. Qf4 Qa7 44. Qf8+ Kh7 45.
Qf5+ g6 46. Qc8 Qc7+ 47. Qxc7 Rxc7 48. Ra3 Kg7 49. Rxa5 Kf6 50. Kg3 Kf5 51.
Kf3 h5 52. Ke3 c5 53. Kd3 g5 54. Ra4 Ke5 55. g4 h4 56. Kc3 c4 57. Ra5 Ke4 58.
Ra3 d4+ 59. Kd2 c3+ 60. Kc2 d3+ 61. Kd1 Ke3 62. Rb3 c2+ 63. Kc1 Ke2 64. Rb7
d2+ 65. Kb2 c1=Q+ 66. Ka2 Rc2+ 67. Rb2 Qxb2# 0-1

[Event "Idaho Open"]
[Site "Pocatello, ID"]
[Date "2010.05.02"]
[Round "4.7"]
[White "Pemsler, Carmen"]
[Black "Kepple, Alan C"]
[Result "0-1"]
[WhiteElo "987"]
[BlackElo "1201"]

1. c4 Nf6 2. Nc3 c5 3. Nf3 e6 4. e4 Nc6 5. g3 Be7 6. Bg2 d5 7. cxd5 exd5 8.
exd5 Nxd5 9. Qb3 Nf6 10. Ng5 O-O 11. O-O Nd4 12. Qa4 a6 13. d3 Rb8 14. Bf4 b5
15. Qd1 Bd6 16. Bxd6 Qxd6 17. Nce4 Nxe4 18. Bxe4 Bb7 19. Qh5 Bxe4 20. dxe4 h6
21. Nf3 Rfe8 22. e5 Nxf3+ 23. Qxf3 Rxe5 24. Rfd1 Qc7 25. Rac1 Rbe8 26. Qc3 Re2
27. Rc2 Rxc2 28. Qxc2 a5 29. a4 b4 30. b3 Rc8 31. Rc1 Kf8 32. Kf1 Qb6 33. Qe2
Qb7 34. f3 Qd5 35. Qe3 c4 36. Rb1 c3 37. Rc1 Qxb3 38. Qb6 Qc4+ 39. Kf2 Qc5+
40. Qxc5+ Rxc5 41. Ke3 c2 42. Kd2 b3 43. Re1 b2 44. Rc1 bxc1=Q+ 45. Kxc1 Ke7
46. f4 Kd6 47. f5 Kd5 48. g4 Kd4 49. g5 hxg5 50. f6 gxf6 {#R} 0-1

[Event "Idaho Open"]
[Site "Pocatello, ID"]
[Date "2010.05.02"]
[Round "5.7"]
[White "Buckendorf Jr., Glen"]
[Black "Pemsler, Carmen"]
[Result "1-0"]
[WhiteElo "1800"]
[BlackElo "987"]

1. e4 c6 2. Nf3 d5 3. exd5 cxd5 4. d4 Nc6 5. Be2 Nf6 6. O-O Bf5 7. Nc3 e6 8.
Nh4 Bg6 9. Nxg6 fxg6 10. Bg5 Be7 11. Re1 Qb6 12. Bb5 Kf7 13. Bxc6 Qxc6 14. Qe2
Bb4 15. Bd2 Rhe8 16. a3 Ba5 17. Qf3 Kg8 18. Re2 Re7 19. Rae1 Rae8 20. b4 Bc7
21. Bg5 Qd6 22. g3 Rf7 23. Nb5 Qb6 24. Nxc7 Qxc7 25. Rxe6 Rxe6 26. Rxe6 Qxc2
27. Bxf6 gxf6 28. Rxf6 Rxf6 29. Qxf6 Qc1+ 30. Kg2 Qxa3 31. Qe6+ Kf8 32. Qd6+
Kg8 33. Qxd5+ Kf8 34. Qc5+ Ke8 35. Qc8+ Kf7 36. Qxb7+ Kg8 37. Qc8+ Kg7 38.
Qc7+ Kg8 39. Qc5 Kg7 40. d5 Kf7 41. d6 Ke8 42. Qc8+ Kf7 43. d7 Qb3 44. d8=Q
Kg7 45. Qf8# 1-0

[Event "Sumr Classic (Reserve)"]
[Site "Boise, ID"]
[Date "2010.06.26"]
[Round "2.1"]
[White "Veibell, Vincent"]
[Black "Pemsler, Carmen"]
[Result "0-1"]
[WhiteElo "456"]
[BlackElo "971"]

1. d4 c6 2. e4 d5 3. e5 c5 4. Bb5+ Nc6 5. dxc5 Bd7 6. Bxc6 Bxc6 7. Nh3 e6 8.
Qf3 Bxc5 9. Bg5 f6 10. exf6 Nxf6 11. Bxf6 Qxf6 12. Qxf6 gxf6 13. Nd2 Rg8 14.
Nb3 Bb6 15. Nf4 O-O-O 16. Nxe6 Rde8 17. O-O Rxe6 18. c3 d4 19. Nxd4 Rxg2+ 20.
Kh1 Rg6+ 21. f3 Bxd4 22. cxd4 Re3 23. Rae1 Rxf3 24. d5 Rxf1+ 25. Rxf1 Bxd5+
26. Rf3 Bxf3# 0-1

[Event "Sumr Classic (Reserve)"]
[Site "Boise, ID"]
[Date "2010.06.27"]
[Round "4.1"]
[White "Patterson, Katie Rae"]
[Black "Pemsler, Carmen"]
[Result "0-1"]
[WhiteElo "986"]
[BlackElo "971"]

1. c4 c6 2. Nc3 d5 3. cxd5 cxd5 4. d4 Nf6 5. Nf3 Nc6 6. g3 Bf5 7. Bg2 e6 8.
O-O Bd6 9. Bg5 Be7 10. e3 h6 11. Bxf6 Bxf6 12. Qb3 Qd7 13. Na4 b6 14. Qa3 Be7
15. Nxb6 Qb7 16. Qb3 axb6 17. Qb5 O-O 18. Nh4 Bxh4 19. gxh4 Rfc8 20. Rfc1 Na7
21. Qe2 Rxc1+ 22. Rxc1 Rc8 23. Rxc8+ Qxc8 24. e4 Qc1+ 25. Qf1 Qxf1+ 26. Kxf1
Bxe4 27. Bxe4 dxe4 28. Ke2 Nc6 29. Ke3 f5 30. f3 exf3 31. Kxf3 Nxd4+ 32. Kf4
Kf7 33. Ke5 Nf3+ 34. Kf4 Nxh4 35. b4 g5+ 36. Kg3 e5 37. a4 Ke7 38. a5 bxa5 39.
bxa5 f4+ 40. Kf2 Kd7 41. h3 Kc7 42. Ke2 Kb7 43. a6+ Kxa6 44. Kd3 f3 45. Ke3 h5
46. Kf2 g4 47. hxg4 hxg4 48. Kf1 g3 49. Kg1 e4 50. Kf1 e3 51. Kg1 e2 52. Kh1
e1=Q# 0-1

[Event "Sumr Classic (Reserve)"]
[Site "Boise, ID"]
[Date "2010.06.27"]
[Round "5.4"]
[White "Pemsler, Carmen"]
[Black "Featherston, Scott"]
[Result "1-0"]
[WhiteElo "971"]
[BlackElo "791"]

1. c4 c5 2. Nc3 e6 3. g3 d5 4. cxd5 exd5 5. Bg2 Nf6 6. d3 Nc6 7. Bg5 Be7 8.
Bxf6 Bxf6 9. Qd2 Be6 10. Nf3 d4 11. Ne4 Be7 12. O-O f6 13. a3 a5 14. Rac1 Qb6
15. e3 Bf5 16. exd4 cxd4 17. Rfe1 O-O 18. Nh4 Bxe4 19. Bxe4 Ne5 20. Nf5 Bd8
21. Bd5+ Kh8 22. f4 Ng4 23. Qe2 Ne3 24. Nxe3 dxe3 25. Qxe3 Qxb2 26. d4 Rb8 27.
Rb1 Qc2 28. Rxb7 Rxb7 29. Bxb7 Qb2 30. Qe8 h6 31. Qxf8+ Kh7 32. Be4+ g6 33.
Qf7+ Kh8 34. Bxg6 Qxd4+ 35. Kg2 Qd2+ 36. Kf1 Qd3+ 37. Bxd3 {#r} 1-0

[Event "SIO (Reserve)"]
[Site "Twin Falls, ID"]
[Date "2010.11.13"]
[Round "1.5"]
[White "Pemsler, Carmen"]
[Black "Whitlock, Jake"]
[Result "1-0"]
[WhiteElo "1122"]
[BlackElo "218"]

1. c4 e5 2. Nc3 Nc6 3. Nf3 d6 4. e4 Be6 5. d3 Be7 6. Be3 Nf6 7. g3 Qd7 8. Bg2
O-O-O 9. O-O Ng4 10. Rb1 f6 11. b4 Rhf8 12. b5 Na5 13. Bxa7 b6 14. Na4 Kb7 15.
Bxb6 cxb6 16. Qd2 Rc8 17. h3 Nh6 18. Qe3 Nxc4 19. dxc4 Bxc4 20. Qxb6+ Ka8 21.
Qa5+ Kb7 22. b6 Ra8 23. Qc3 Qxa4 24. Rb4 Qxa2 25. Rxc4 Rfc8 26. Rc7+ Kxb6 27.
Qc6+ Ka5 28. Rxc8 Rxc8 29. Qxc8 d5 30. Qa8+ Kb6 31. Qxa2 Kc7 32. Rc1+ Kd7 33.
Qa7+ Ke6 34. Qb6+ Bd6 35. h4 dxe4 36. Bh3+ f5 37. Ng5+ Kd5 38. Rd1+ Kc4 39.
Qxd6 Ng4 40. Qc6+ Kb4 41. Rb1+ Ka3 42. Qa6# 1-0

[Event "SIO (Reserve)"]
[Site "Twin Falls, ID"]
[Date "2010.11.13"]
[Round "2.2"]
[White "Ness, Kevin D"]
[Black "Pemsler, Carmen"]
[Result "1-0"]
[WhiteElo "1290"]
[BlackElo "1122"]

1. e4 c6 2. d4 d5 3. exd5 cxd5 4. Nc3 Nf6 5. a3 Nc6 6. Nf3 Bf5 7. Bb5 e6 8.
Ne5 Qc7 9. Bf4 Bd6 10. Qe2 O-O 11. O-O-O a6 12. Bxc6 bxc6 13. g4 Nxg4 14. h3
Nxe5 15. Bxe5 Bxe5 16. Qxe5 Qxe5 17. dxe5 f6 18. f4 fxe5 19. fxe5 Bg6 20. Na4
Rf2 21. Rd2 Rxd2 22. Kxd2 Bf5 23. Nc5 Rb8 24. b4 Ra8 25. h4 a5 26. c3 axb4 27.
axb4 Ra2+ 28. Ke3 Rg2 29. Rf1 Rg4 30. Rf4 Rxf4 31. Kxf4 Kf7 32. Nd7 Ke7 33.
Nb8 Bd3 34. Nxc6+ Kd7 35. Nd4 Ba6 36. b5 Bb7 37. b6 g6 38. Kg5 Ke7 39. Nb5 Kf8
40. Kf6 Bc8 41. Nd6 Ba6 42. b7 Bxb7 43. Nxb7 Ke8 44. Kxe6 h6 45. Kf6 g5 46.
hxg5 hxg5 47. Kxg5 Ke7 48. Kf5 Ke8 49. Ke6 d4 50. cxd4 Kf8 51. Kd7 Kf7 52. e6+
Kf6 53. e7 Kf5 54. e8=Q Kf4 55. Nc5 Kf5 56. Qe4+ Kf6 57. Qf4+ Kg6 58. Ke6 Kg7
59. Qg5+ Kh8 60. Kf7 Kh7 61. Qh5# 1-0

[Event "SIO (Reserve)"]
[Site "Twin Falls, ID"]
[Date "2010.11.13"]
[Round "3.4"]
[White "Pemsler, Carmen"]
[Black "Featherston, Scott"]
[Result "0-1"]
[WhiteElo "1122"]
[BlackElo "803"]

1. c4 e5 2. Nc3 c6 3. Nf3 d6 4. e4 Na6 5. d3 Bg4 6. g3 h5 7. Bg2 Qa5 8. Bd2
Qb6 9. Rb1 Be7 10. O-O Nc5 11. Be3 Qa5 12. b4 Qc7 13. bxc5 dxc5 14. Qd2 Rd8
15. Rfd1 f6 16. Qb2 b6 17. h3 Bxf3 18. Bxf3 g5 19. Bg2 Nh6 20. Qd2 Kf7 21. Ne2
Kg6 22. f4 Nf7 23. fxg5 fxg5 24. Nc3 Bf6 25. Rf1 Qe7 26. Qe2 Rd7 27. Rbd1 Qe6
28. Rf2 Nh6 29. Rdf1 Rf7 30. Qd1 Qd7 31. Kh2 g4 32. Bxh6 Kxh6 33. Rxf6+ Rxf6
34. Rxf6+ Kg7 {(Time Forfeit)} {#R} 0-1

[Event "SIO (Reserve)"]
[Site "Twin Falls, ID"]
[Date "2010.11.13"]
[Round "4.4"]
[White "Pemsler, Carmen"]
[Black "Lang, Jamie"]
[Result "0-1"]
[WhiteElo "1122"]
[BlackElo "1376"]

1. c4 g6 2. Nc3 Bg7 3. d4 Nc6 4. Nf3 e5 5. dxe5 Nxe5 6. e4 d6 7. Be2 Be6 8. b3
Nxf3+ 9. Bxf3 Bxc3+ 10. Bd2 Bxa1 11. Qxa1 f6 12. e5 dxe5 13. Bxb7 Rb8 14. Bf3
Ne7 15. Qb2 Bxc4 16. Qc2 Bd3 17. Qc3 O-O 18. Qa5 e4 19. Bg4 f5 20. Bd1 Nc6 21.
Qc3 Qf6 22. Qc1 Qd6 23. Bc2 Nb4 24. Kd1 Bxc2+ 25. Ke2 Qa6+ 26. Ke3 f4+ 27. Kd4
Qd3+ 28. Ke5 Rbe8# 0-1

[Event "WIO (Reserve)"]
[Site "Boise, ID"]
[Date "2010.12.11"]
[Round "2.3"]
[White "Pemsler, Carmen"]
[Black "Ramalingam, Deeban"]
[Result "1-0"]
[WhiteElo "1122"]
[BlackElo "1204"]

1. c4 e5 2. Nc3 Nf6 3. d3 Nc6 4. Nf3 Be7 5. g3 O-O 6. Bg2 d6 7. O-O Be6 8. e4
Nd7 9. Be3 f5 10. exf5 Bxf5 11. Nd5 Bg4 12. h3 Bh5 13. g4 Bf7 14. Nxe7+ Nxe7
15. Bg5 Qe8 16. Re1 Nc6 17. Rc1 Qc8 18. Qd2 Nd4 19. Nxd4 exd4 20. Be4 Qb8 21.
Qb4 Nc5 22. Bf5 Bg6 23. Bxg6 hxg6 24. Qd2 Rf3 25. Qe2 Qf8 26. Rcd1 Qf7 27. Kg2
Rf8 28. Rf1 Ne6 29. Bd2 Nf4+ 30. Bxf4 Rxf4 31. f3 Re8 32. Qf2 Re3 33. Qg3 Rf6
34. Rd2 Qe7 35. Rff2 Qd7 36. Rd1 Rfe6 37. Qf4 {(Time Forfeit)} {#r} 1-0

[Event "WIO (Reserve)"]
[Site "Boise, ID"]
[Date "2010.12.12"]
[Round "5.1"]
[White "Patterson, Kevin R"]
[Black "Pemsler, Carmen"]
[Result "1/2-1/2"]
[WhiteElo "1263"]
[BlackElo "1122"]

1. e4 c6 2. c4 d5 3. exd5 cxd5 4. cxd5 Qxd5 5. Nc3 Qd8 6. Nf3 Nc6 7. Bc4 Nf6
8. O-O g6 9. a3 Bg7 10. d3 O-O 11. h3 Bf5 12. d4 Qc7 13. Be3 a6 14. Bd3 Bxd3
15. Qxd3 Rad8 16. Rad1 e6 17. Qd2 Rfe8 18. Qc2 e5 19. dxe5 Nxe5 20. Nxe5 Qxe5
21. Rfe1 Rxd1 22. Qxd1 Qc7 23. Qb3 Qc6 24. Qd1 Ne4 25. Bd2 Nxc3 26. Rxe8+ Qxe8
27. Bxc3 Bxc3 28. bxc3 Qc8 29. Qd4 Qc7 30. c4 Qe7 31. Qe3 Qxe3 32. fxe3 Kf8
33. Kf2 Ke7 34. Kf3 Kd6 35. Ke4 Kc5 36. Kd3 b5 37. cxb5 Kxb5 38. Kc3 Kc5 39.
Kb3 f5 40. Ka4 Kb6 41. Kb3 Kc5 42. a4 {#d} 1/2-1/2